Normative and Descriptive Perception of Strategic Decision Making

Definícia normatívneho a popisného vnímania teórií strategického rozhodovania. Úroveň racionality pri strategickom rozhodovaní manažérov. Manažéri a využívanie racionálneho prístupu. Faktory ovplyvňujúce úroveň racionality pri strategickom rozhodovaní.

Salvato in:
Dettagli Bibliografici
Autore principale: Jankelová, Nadežda, 1966-
Altri autori: Puhovichová, Diana, 1994-
Natura: Capitolo di libro
Lingua:inglese
Soggetti:
Tags: Aggiungi Tag
Nessun Tag, puoi essere il primo ad aggiungerne!!

MARC

LEADER 00000naa$a2200000$$$4500
001 0270408
005 20250806084433.1
041 0 |a eng 
044 |a FR 
245 1 0 |a Normative and Descriptive Perception of Strategic Decision Making  |c Nadežda Jankelová, Diana Puhovichová 
520 |a Definícia normatívneho a popisného vnímania teórií strategického rozhodovania. Úroveň racionality pri strategickom rozhodovaní manažérov. Manažéri a využívanie racionálneho prístupu. Faktory ovplyvňujúce úroveň racionality pri strategickom rozhodovaní. 
610 2 0 |a rozhodovanie strategické 
610 2 0 |a racionalita 
610 2 0 |a manažéri 
100 1 |a Jankelová, Nadežda, 1966- 
700 1 |a Puhovichová, Diana, 1994-